000 00442nam a2200169Ia 4500
003 SISC
005 20180912134326.0
008 180905s9999 xx 000 0 und d
020 _a9780375842207
050 _aPZ 7 .Z837Boo 2006
100 _aZusak, Markus
245 _cMarkus Zusak
_aThe Book thief/
260 _aNY :
_bAlfred A. Knopf,
_c2006
300 _a552 pages :
_billustrated ;
_c20 cm.
650 _aFiction
942 _2lcc
_cBK
999 _c358527
_d358527